Statistics for South America Map Click Quiz in Portuguese

Click here to take the quiz!

General Stats

  • This quiz has been taken 21 times
  • The average score is 13 of 14

Answers on the Map

Answers color-coded by a green-red scale on the quiz's map according to % correct below.
 

Answer Stats

Answer% Correct
Brasil
100%
Uruguai
100%
Argentina
95%
Chile
95%
Colômbia
95%
Equador
95%
Paraguai
95%
Peru
95%
Bolívia
89%
Ilhas Malvinas (Reino Unido)
89%
Venezuela
89%
Guiana
84%
Guiana Francesa
84%
Suriname
79%

Score Distribution

Percentile by Number Answered

Percent of People with Each Score

Your Score History

You have not taken this quiz